Italian Regions Flags (+Twist) - Sudden Death #1 - Statistics

General Stats
  • This quiz has been taken 40 times
  • The average score is 3 of 13
Answers on the Grid
Answers color-coded by a green-red scale on the quiz's grid according to % correct below.
Abruzzo
Aosta Valley
Apulia
Basilicata
Calabria
Campania
Emilia-Romagna
Friuli-Venezia Giulia
Lazio
Liguria
Lombardy
Marche
Molise
Piedmont
Sardinia
Sicily
Trentino-South Tyrol
Tuscany
Umbria
Veneto
 
Answer Stats
Answer % Correct
Aosta Valley
81%
Basilicata
25%
Friuli-Venezia Giulia
25%
Lombardy
25%
Liguria
19%
Sardinia
19%
Sicily
19%
Campania
13%
Marche
13%
Piedmont
13%
Tuscany
13%
Trentino-South Tyrol
6%
Umbria
6%
No matching quizzes found
Score Distribution
Percent of People with Each Score
Percentile by Number Answered
Your Score History
You have not taken this quiz